00646nam a2200193 a 450000100100000000500170001000800410002704000250006808200170009310000310011024500450014125000110018626000440019730000210024150000430026204900090030595201210031499900170043500002493920200930023448.0110208s1942 sp r 000 0 spa d aDO-SdBNPbspacBNPHU axxxxxbC719P1 aPoch Noguer, José95118610aCristobal Colón /cJosé Poch Noguer. a2a ed. aBarcelona, España :bJuventud,c1942. a141 p. ;c22 cm. aIncluye notas al pie de las páginas. aBNGR 001054708MOaGRbGRcCTd2011-02-08iLF1l0oxxxxx C719Pp24939-10r2020-06-25w2020-06-25y4ZPréstamo en sala c24432d24432